Differential and integral calculus
Αποθηκεύτηκε σε:
| Κύριος συγγραφέας: | |
|---|---|
| Άλλοι συγγραφείς: | |
| Μορφή: | Βιβλίο |
| Γλώσσα: | English German |
| Δημοσίευση: |
London ; Glasgow :
Blackie & Son Limited,
1952, c1934
|
| Έκδοση: | 2η έκδ. |
| Θέματα: | |
| Ετικέτες: |
Προσθήκη ετικέτας
Δεν υπάρχουν, Καταχωρήστε ετικέτα πρώτοι!
|
MARC
| LEADER | 00000cam a2200000 a 4500 | ||
|---|---|---|---|
| 001 | 1/107343 | ||
| 008 | 150710r19521934enk| ||| |||| ||eng|| | ||
| 040 | |a GR-MyUa |b gre |c GR-MyUa |e AACR2 | ||
| 041 | 1 | |a eng |h ger | |
| 082 | 7 | |a 515 |2 (23) | |
| 100 | 1 | |a Courant, Richard, |d 1888-1972. | |
| 245 | 1 | 0 | |a Differential and integral calculus / |c by R. Courant ; translated by E. J. McShane. |
| 250 | |a 2η έκδ. | ||
| 260 | |a London ; Glasgow : |b Blackie & Son Limited, |c 1952, c1934 | ||
| 300 | |a xiii, 616 σ. : |b διαγρ., σχέδια ; |c 23 εκ. | ||
| 505 | 8 | |a τ.1. | |
| 650 | 0 | |a Calculus. | |
| 700 | 1 | |a McShane, E. J. |q (Edward James), |d 1904-1989, |e trl | |
| 852 | |a INST |b SAMOS |c MAG |e 20150710 |h 515 COU |p 005300034632 |q 005300034632 |t BK |y 0 | ||
| 970 | |a Σιτζίμη |b Γιασεμή |z 10/07/2015 | ||